Optimist:Sam Altman,open AI,and the race to invent the future (Record no. 3968)

MARC details
000 -LEADER
fixed length control field 00472nam a22001817a 4500
003 - CONTROL NUMBER IDENTIFIER
control field OSt
005 - DATE AND TIME OF LATEST TRANSACTION
control field 20260319140923.0
008 - FIXED-LENGTH DATA ELEMENTS--GENERAL INFORMATION
fixed length control field 260319b |||||||| |||| 00| 0 eng d
020 ## - INTERNATIONAL STANDARD BOOK NUMBER
International Standard Book Number 9781324075967
082 ## - DEWEY DECIMAL CLASSIFICATION NUMBER
Classification number 006.3
Item number HAGO
100 ## - MAIN ENTRY--PERSONAL NAME
Personal name Hagey, Keach
245 ## - TITLE STATEMENT
Title Optimist:Sam Altman,open AI,and the race to invent the future
260 ## - PUBLICATION, DISTRIBUTION, ETC.
Place of publication, distribution, etc. New York
Name of publisher, distributor, etc. W.W. Norton & Company
Date of publication, distribution, etc. 2025
300 ## - PHYSICAL DESCRIPTION
Extent 367p
546 ## - LANGUAGE NOTE
Language note English
650 ## - SUBJECT ADDED ENTRY--TOPICAL TERM
Topical term or geographic name entry element Compter Science
942 ## - ADDED ENTRY ELEMENTS (KOHA)
Source of classification or shelving scheme Dewey Decimal Classification
Koha item type Book
Holdings
Withdrawn status Lost status Source of classification or shelving scheme Damaged status Not for loan Collection code Home library Current library Shelving location Date acquired Source of acquisition Cost, normal purchase price Inventory number Total Checkouts Full call number Barcode Date last seen Date last checked out Price effective from Koha item type
    Dewey Decimal Classification     Non-fiction RIC Library RIC Library General Stacks 03/19/2026 Amazon 2746.00 DEL4-4931873/07.03.2026 1 006.3 HAGO 003247 04/07/2026 03/28/2026 03/19/2026 Book

Venue

Rajasthan International Centre
Sansthan Path,JLN Marg, Jaipur- 302017
Phone: +91-7230904025